[Event "TCh-RUS w"]
[Site "Sochi RUS"]
[Date "2007.05.08"]
[Round "8"]
[White "Shen Yang"]
[Black "Matveeva,S"]
[Result "1/2-1/2"]
[WhiteElo "2440"]
[BlackElo "2406"]

1.e4 e6 2.d4 d5 3.Nd2 a6 4.Ngf3 c5 5.exd5 exd5 6.dxc5 Bxc5 7.Nb3 Bb6 8.Qe2+ Ne7
9.Be3 Nbc6 10.Bxb6 Qxb6 11.Qd2 Bg4 12.Be2 O-O 13.O-O Rad8 14.Rfe1 Ng6 15.h3 Bxf3
16.Bxf3 Nce5 17.Bh5 Nc4 18.Qd4 Qc7 19.g3 Nge5 20.Rab1 g6 21.Be2 Nc6 22.Qf6 N4e5
23.c3 Rfe8 24.Qf4 Qb6 25.Rbd1 Re6 26.Kg2 Kg7 27.Qc1 Rf6 28.Rf1 Rfd6 29.Nd4 Nc4
30.b3 N4e5 31.Qe3 Qc7 32.f4 Nd7 33.Bf3 Nf6 34.Nxc6 Rxc6 35.c4 Rcd6 36.Qe5 dxc4
37.Rxd6 Qxd6 38.bxc4 b6 39.Rd1 Qf8 40.g4 Rxd1 41.Bxd1 Qc5 42.Qc3 h6 43.Bf3 g5
44.fxg5 hxg5 45.Bd5 Qe7 46.Qd2 Qe5 47.Bf3 Ng8 48.Qd5 Qe3 49.Qe4 Qc5 50.Qd5 Qe3
51.Qe4 Qc5 52.Qd5  1/2-1/2

[Event "Mitropa Cup Men"]
[Site "Szeged HUN"]
[Date "2007.05.09"]
[Round "2"]
[White "Priborsky,I"]
[Black "Erdos,V"]
[Result "1/2-1/2"]
[WhiteElo "2370"]
[BlackElo "2518"]

1.e4 e6 2.d4 d5 3.Nd2 Be7 4.Bd3 c5 5.dxc5 Nf6 6.Qe2 Nc6 7.Ngf3 a5 8.O-O O-O
9.c3 Re8 10.e5 Nd7 11.Nb3 a4 12.Nbd4 Nxc5 13.Bc2 Bd7 14.Re1 h6 15.Bf4 Bf8
16.g4 Ne4 17.Nxc6 Bxc6 18.Nd4 Bd7 19.f3 Nc5 20.Kh1 Rc8 21.Rg1 g5 22.Bd2 Bg7
23.h4 f6 24.exf6 Qxf6 25.hxg5 hxg5 26.Qe3 e5 27.Nf5 Ne6 28.Rg2 Nf4 29.Rh2 e4
30.fxe4 dxe4 31.Re1 Rc4 32.b3 Rcc8  1/2-1/2

[Event "TCh-RUS w"]
[Site "Sochi RUS"]
[Date "2007.05.10"]
[Round "10"]
[White "Melnikova,Y"]
[Black "Ivkina,O"]
[Result "1-0"]
[WhiteElo "2305"]
[BlackElo "2198"]

1.e4 e6 2.d4 d5 3.Nd2 Be7 4.Ngf3 c5 5.exd5 Qxd5 6.Bc4 Qh5 7.Nb3 cxd4 8.Nbxd4 Nf6
9.Qe2 O-O 10.Bd2 Nc6 11.Nxc6 bxc6 12.Ne5 Qxe2+ 13.Bxe2 Bb7 14.Bf3 Rac8 15.Be3 Nd5
16.Bxa7 Bb4+ 17.c3 Nxc3 18.O-O Nd5 19.Nd3 Bd6 20.Rfc1 Ba6 21.Bc5 Bxd3 22.Bxd6 Rfd8
23.Bc5 Nf4 24.Rd1 e5 25.g3 Ne6 26.Bb6 Rd7 27.Bg4 Rb8 28.Be3 Rxb2 29.Bf5 Bxf5
30.Rxd7 Be4 31.a4 f5 32.Rd2 Rb8 33.a5 c5 34.a6 f4 35.a7 Ra8 36.gxf4 exf4
37.Rd6 Kf7 38.Bc1 Nd4 39.Bb2 Nf3+ 40.Kf1 Ke7 41.Rb6 Rd8 42.Bxg7 Rg8 43.Bf6+ Kf7
44.Ke2 Nxh2 45.Be5 Nf3 46.Rf6+ Ke7 47.Rxf4  1-0

[Event "Mitropa Cup Men"]
[Site "Szeged HUN"]
[Date "2007.05.10"]
[Round "3"]
[White "Petr,Ma"]
[Black "Michalik,P"]
[Result "1-0"]
[WhiteElo "2443"]
[BlackElo "2311"]

1.e4 e6 2.d4 d5 3.Nd2 a6 4.Ngf3 c5 5.exd5 exd5 6.dxc5 Bxc5 7.Bd3 Nf6 8.Qe2+ Qe7
9.Qxe7+ Bxe7 10.c3 Nc6 11.h3 O-O 12.Nb3 Ne4 13.Nbd4 Bf6 14.Be3 Na5 15.O-O Nc4
16.Bc1 Re8 17.Rd1 Bd7 18.Nc2 Rad8 19.Ne3 Ba4 20.Re1 Nxc3 21.bxc3 Bxc3 22.Rb1 Bxe1
23.Nxe1 Ne5 24.Rb2 d4 25.Nf1 Nxd3 26.Nxd3 Bb5 27.Rd2 h6 28.Bb2 Bxd3 29.Rxd3 Re1
30.g4 Rb1 31.Rd2 Re8 32.Kg2 Ree1 33.Ng3 d3 34.Bc3 Red1 35.Rxd1 Rxd1 36.Ne4 Re1
37.Kf3 Re2 38.a3 Ra2 39.Bb4 a5 40.Bd6 Re2 41.Nc5 Re8 42.Bf4 Rd8 43.Bd2 b6
44.Na4 b5 45.Nb2 b4 46.axb4 axb4 47.Bxb4 h5 48.Ke3 hxg4 49.hxg4 f5 50.gxf5 Rd5
51.Ke4 Rb5 52.Nxd3 Kf7 53.Bc3 Rb1 54.Nf4 Rb3 55.Bd4 Rb5 56.Nh5 g6 57.fxg6+ Kxg6
58.Nf4+ Kf7 59.Ng2 Rb1 60.f4 Ke6 61.Ne3 Re1 62.f5+ Kf7 63.Kf4 Rb1 64.Ng4 Rf1+
65.Kg5 Rd1 66.Nh6+ Ke7 67.Bc5+ Kd7 68.Kg6 Rd2 69.Nf7 Rd5 70.Be3 Rxf5 71.Kxf5 Kc6
72.Ke6 Kc7 73.Ne5 Kb7 74.Kd6 Ka6 75.Kc5 Kb7 76.Bd2 Kc7 77.Ba5+ Kc8 78.Kc6 Kb8
79.Nd7+ Ka7 80.Nc5 Kb8 81.Ne6 Ka7 82.Nc7 Kb8 83.Bb6 Kc8 84.Ba7 Kd8 85.Nd5 Ke8
86.Kd6 Kf7 87.Ne7 Kf6 88.Be3 Kf7 89.Bd4 Ke8 90.Ke6 Kd8 91.Bb6+ Ke8 92.Ba5 Kf8
93.Nf5 Ke8 94.Ng7+ Kf8 95.Kf6 Kg8 96.Kg6  1-0

[Event "Mitropa Cup Men"]
[Site "Szeged HUN"]
[Date "2007.05.15"]
[Round "8"]
[White "Borisek,J"]
[Black "Tibensky,R"]
[Result "1/2-1/2"]
[WhiteElo "2519"]
[BlackElo "2422"]

1.e4 e6 2.d4 d5 3.Nd2 a6 4.Ngf3 c5 5.exd5 exd5 6.Be2 Nf6 7.O-O Be7 8.dxc5 Bxc5
9.Nb3 Bb6 10.c4 O-O 11.c5 Bc7 12.Bg5 Re8 13.Re1 Nc6 14.Bd3 Bg4 15.Rxe8+ Qxe8
16.Bxf6 gxf6 17.Nbd2 Bh5 18.Nf1 Rd8 19.Ng3 Bg6 20.Qb3 Bxg3 21.hxg3 Qe7 22.Rc1 Kg7
23.Nh4 Ne5 24.Nf5+ Bxf5 25.Bxf5 d4 26.f4 Nc6 27.Kh2 Qe2 28.Bd3 Qe3 29.Rd1 h5
30.Bc2 Qe7 31.Qd3 Rh8 32.Qf5 h4 33.Be4 hxg3+ 34.Kxg3 Rh6 35.Kf2 Nd8 36.Rd3 Ne6
37.Rg3+ Kf8 38.b4 Rh4 39.Rf3 Kg7 40.Rg3+ Kf8 41.Rf3 Kg7 42.Kg1 Qc7 43.g3 Rh8
44.Rf2 Qd7 45.Qg4+ Kf8 46.Qf3 a5 47.c6 bxc6 48.Bxc6 Qd6 49.b5 Qc5 50.Qd3 Kg7
51.Rf1 Rd8 52.Kg2 Qb4 53.Rb1 Qd6 54.Bf3 Nc5 55.Qf5 d3 56.b6 d2 57.b7 Nxb7
58.Rxb7 d1=Q 59.Qg4+ Kf8 60.Bxd1 Qxd1 61.Qxd1 Rxd1 62.Rb2 a4 63.Kf3 Kg7 64.Ke4  1/2-1/2

[Event "Mitropa Cup Men"]
[Site "Szeged HUN"]
[Date "2007.05.16"]
[Round "9"]
[White "Bogner,S"]
[Black "Erdos,V"]
[Result "1/2-1/2"]
[WhiteElo "2345"]
[BlackElo "2518"]

1.e4 e6 2.d4 d5 3.Nd2 Nc6 4.Ngf3 Nf6 5.e5 Nd7 6.Nb3 Be7 7.Bb5 O-O 8.h4 f6
9.exf6 Nxf6 10.Qe2 a5 11.c3 a4 12.Nbd2 Bd6 13.Ne5 Bd7 14.Bd3 Be8 15.h5 a3  1/2-1/2

[Event "World's Youth Stars"]
[Site "Kirishi RUS"]
[Date "2007.05.18"]
[Round "3"]
[White "Andriasian,Z"]
[Black "Grigoryan,Av"]
[Result "1/2-1/2"]
[WhiteElo "2523"]
[BlackElo "2455"]

1.e4 e6 2.d4 d5 3.Nd2 Be7 4.Bd3 c5 5.dxc5 Nf6 6.Ngf3 dxe4 7.Nxe4 Nxe4 8.Bxe4 Qxd1+
9.Kxd1 Bxc5 10.Ke2 Nd7 11.a3 Nf6 12.Bd3 a5 13.Bg5 Ke7 14.Rhd1 h6 15.Bxf6+ gxf6
16.Bb5 e5 17.c3 Be6 18.b4  1/2-1/2

[Event "25th Liechtenstein Open"]
[Site "Triesen LIE"]
[Date "2007.05.18"]
[Round "8"]
[White "Landenbergue,C"]
[Black "Farago,I"]
[Result "0-1"]
[WhiteElo "2435"]
[BlackElo "2501"]

1.e4 e6 2.d4 d5 3.Nd2 Be7 4.Ngf3 Nf6 5.e5 Nfd7 6.Bd3 c5 7.c3 b6 8.Qe2 a5
9.O-O Ba6 10.c4 Nc6 11.cxd5 Bxd3 12.Qxd3 exd5 13.Rd1 O-O 14.Nf1 cxd4 15.Nxd4 Ndxe5
16.Nxc6 Nxd3 17.Nxd8 Nxc1 18.Raxc1 Rfxd8 19.Rc6 Bc5 20.Ne3 d4 21.Nc4 Rac8
22.Rxc8 Rxc8 23.Ne5 f6 24.Nd3 Kf7 25.Kf1 Ke6 26.Rc1 Kd6 27.Ke2 Re8+ 28.Kf3 Kd5
29.Rc2 Bd6 30.h3 f5 31.Rc1 g5 32.g4 h5 33.gxf5 Rf8 34.Ke2 Rxf5 35.Rc8 Rf6
36.Re8 Rg6 37.Rh8 Re6+ 38.Kd2 h4 39.Rh5 Rg6 40.f4 Ke4 41.fxg5 Bg3 42.Rh6 Rxg5
43.Ke2 b5 44.Re6+ Be5 45.Nxe5 Rxe5 46.Rh6 Kf4+ 47.Kd3 Kg3 48.Rg6+ Kxh3 49.a3 Re3+
50.Kxd4 Rb3  0-1

[Event "25th Liechtenstein Open"]
[Site "Triesen LIE"]
[Date "2007.05.19"]
[Round "9"]
[White "Rozentalis,E"]
[Black "Farago,I"]
[Result "1/2-1/2"]
[WhiteElo "2578"]
[BlackElo "2501"]

1.e4 e6 2.d4 d5 3.Nd2 Be7 4.Bd3 c5 5.dxc5 Nf6 6.Qe2 Nc6 7.Ngf3 a5 8.O-O O-O
9.c3 Nd7 10.Re1 Nxc5 11.Bc2 b6 12.e5 f5 13.Nb3 Ba6 14.Qd1 Nxb3 15.axb3 d4
16.Nxd4 Nxd4 17.cxd4 Qd5 18.Re3 Rad8 19.Rc3 Bb7 20.f3 Bb4 21.Be3 Bxc3 22.bxc3 Qc6
23.c4 b5 24.Bd3 bxc4 25.bxc4 Ba6 26.Ra4 Qb6 27.Qa1 Qb3 28.Ra3 Qb4 29.Bf2 Bxc4
30.Ra4 Qb3 31.Ra3 Qb4 32.Ra4 Qb3 33.Ra3 Qb4  1/2-1/2

[Event "42nd Capablanca Mem Abierto"]
[Site "Havana CUB"]
[Date "2007.05.21"]
[Round "4"]
[White "Alonso Moyano,J"]
[Black "Lebredo Zaragoitia,G"]
[Result "1-0"]
[WhiteElo "2365"]
[BlackElo "2256"]

1.e4 e6 2.d4 d5 3.Nd2 a6 4.Ngf3 c5 5.e5 Nc6 6.dxc5 Bxc5 7.Nb3 Ba7 8.Bd3 Nge7
9.O-O Ng6 10.Bxg6 fxg6 11.c3 O-O 12.Re1 Rf5 13.a4 Bd7 14.Be3 Bxe3 15.Rxe3 Qc7
16.Qe2 Raf8 17.Nbd4 Nxd4 18.Nxd4 R5f7 19.b3 Qc5 20.Ra2 Qc7 21.g3 Qc5 22.h4 Qc7
23.f4 Qc5 24.Qd3 Qe7 25.Rf2 b5 26.axb5 Bxb5 27.Qb1 Qa7 28.Qc1 Rc8 29.Qa3 Rd7
30.Kg2 Qb6 31.Rff3 h5 32.Kh3 Kh7 33.Qa1 Rdc7 34.Qg1 Bd7 35.g4 hxg4+ 36.Qxg4 Rxc3
37.Rxc3 Rxc3 38.Rxc3 Qxd4 39.Rg3 Qe4 40.Kh2 Bb5 41.h5 Be8 42.hxg6+ Qxg6 43.Qxg6+ Bxg6
44.Rc3 Be8 45.Rc7 Bb5 46.Re7 Kg6 47.Rxe6+ Kf5 48.Rb6 d4 49.Kg3 d3 50.Kf3  1-0

[Event "ch-USA"]
[Site "Stillwater USA"]
[Date "2007.05.21"]
[Round "7"]
[White "Ivanov,AV USA"]
[Black "Shulman,Y"]
[Result "1/2-1/2"]
[WhiteElo "2565"]
[BlackElo "2600"]

1.e4 e6 2.d4 d5 3.Nd2 Be7 4.Bd3 c5 5.dxc5 Nf6 6.exd5 Qxd5 7.Ngf3 Nbd7 8.Nb3 Nxc5
9.Nxc5 Qxc5 10.O-O O-O 11.Be3 Qc7 12.Bd4 b6 13.Be5 Qc6 14.Qe2 Bb7 15.Rfe1 Rfd8
16.Rad1 Rac8 17.c3 h6 18.h3 a6 19.Bxa6 Rxd1 20.Rxd1 Bxa6 21.Qxa6 Ra8 22.Qd3 Rxa2
23.c4 Ra8 24.Qe2 Qe4 25.Qxe4 Nxe4 26.Bd4 Bc5 27.Bxc5 bxc5 28.Ne5 f6 29.Nd7 Rc8
30.f3 Ng3 31.Kf2 Nf5 32.g4 Ne7 33.f4 Kf7 34.Ke3 Ke8 35.Nb6 Rc6 36.Na4 g5
37.Nc3 Rb6 38.fxg5 hxg5 39.Ne4 Kf7 40.Nxc5 Rxb2 41.Ne4 Rb3+ 42.Rd3 Rxd3+
43.Kxd3 Ng6 44.Kd4 Nf4 45.c5 Ke7 46.c6 f5 47.Nxg5 Nxh3 48.Nxh3 fxg4 49.Ng5  1/2-1/2

[Event "ch-USA"]
[Site "Stillwater USA"]
[Date "2007.05.21"]
[Round "7"]
[White "Langer,M USA"]
[Black "Smith,Bry"]
[Result "1-0"]
[WhiteElo "2315"]
[BlackElo "2386"]

1.e4 e6 2.d4 d5 3.Nd2 Be7 4.Bd3 c5 5.dxc5 Nf6 6.Qe2 O-O 7.Ngf3 a5 8.a4 Na6
9.exd5 exd5 10.Nb3 Nxc5 11.Nxc5 Bxc5 12.Bb5 Bg4 13.O-O d4 14.h3 Bh5 15.Rd1 Qc7
16.g4 d3 17.Qe5 Bd6 18.Qc3 dxc2 19.Rxd6 Qxd6 20.gxh5 Qd1+ 21.Kg2 Nxh5 22.Qe5 Nf6
23.Nd4 Rfe8 24.Bxe8 Rxe8 25.Qc5 Ne4 26.Qb5 Rd8 27.Nf3 h6 28.Qe5 Nf6 29.Qe1 Qd3
30.Be3 Qg6+ 31.Kh2 Qh5 32.Qe2 Ng4+ 33.Kg2 Ne5 34.Nd4 Qh4 35.Qxc2 Rd6 36.Nf5 Rg6+
37.Ng3 Qf6 38.Qe4 Nc6 39.Rc1 Qxb2 40.Rb1 Qf6 41.Rxb7 h5 42.Rb5 h4 43.Qe8+ Kh7
44.Rh5+ Rh6 45.Bxh6 gxh6 46.Qe4+  1-0

[Event "Capo d'Orso"]
[Site "Porto Mannu PAL"]
[Date "2007.05.23"]
[Round "6"]
[White "Mogranzini,R"]
[Black "Mercandelli,C"]
[Result "1-0"]
[WhiteElo "2421"]
[BlackElo "1988"]

1.e4 e6 2.d4 d5 3.Nd2 Nc6 4.Ngf3 Nf6 5.e5 Nd7 6.Nb3 a6 7.g3 Be7 8.Bh3 Nf8
9.O-O h5 10.Bg2 h4 11.Be3 h3 12.Bh1 g5 13.Nc1 Rg8 14.Nd3 Ng6 15.c3 Bd7 16.Nfe1 Na5
17.b3 Bb5 18.Bf3 c5 19.dxc5 Qc7 20.Bd4 Nc6 21.Qe2 Ncxe5 22.Bxe5 Nxe5 23.Qxe5 Qxe5
24.Nxe5 Bxf1 25.Kxf1 Bxc5 26.N1d3 Be7 27.Bh5  1-0

[Event "3rd UKR Games Men"]
[Site "Evpatoria UKR"]
[Date "2007.05.24"]
[Round "6"]
[White "Fedorchuk,S"]
[Black "Burlai,O"]
[Result "1-0"]
[WhiteElo "2603"]
[BlackElo "2346"]

1.e4 e6 2.d4 d5 3.Nd2 Be7 4.Ngf3 Nf6 5.e5 Nfd7 6.Bd3 c5 7.c3 b6 8.Qe2 a5
9.a4 Ba6 10.Bb5 Qc8 11.c4 Bb7 12.dxc5 O-O 13.cxb6 Nxb6 14.b3 N8d7 15.O-O Qc7
16.Bb2 dxc4 17.bxc4 Nc5 18.Nd4 Rfd8 19.N2b3 Nbd7 20.Rad1 Bf8 21.Qe3 g6 22.h3 Be7
23.Qc1 Nxb3 24.Nxb3 Nc5 25.Rxd8+ Bxd8 26.Nxc5 Qxc5 27.Ba3 Qd4 28.Rd1 Qf4
29.Rd7 Be4 30.Rd4  1-0

[Event "42nd Capablanca Mem Abierto"]
[Site "Havana CUB"]
[Date "2007.05.24"]
[Round "6"]
[White "Diamant,A"]
[Black "Prasca,R"]
[Result "1-0"]
[WhiteElo "2384"]
[BlackElo "2439"]

1.e4 e6 2.d4 d5 3.Nd2 Be7 4.Ngf3 Nf6 5.e5 Nfd7 6.Bd3 c5 7.c3 Nc6 8.O-O g5
9.dxc5 Ndxe5 10.Nxe5 Nxe5 11.Bb5+ Bd7 12.Bxd7+ Nxd7 13.b4 Bf6 14.Nf3 h6 15.Nd4 Kf8
16.f4 gxf4 17.Nb5 Ne5 18.Bxf4 Kg7 19.Nd6 Ng6 20.Nxb7 Qd7 21.Nd6 Raf8 22.Qd2 Be7
23.Bg3 h5 24.Nc4 f6 25.h3 Rd8 26.Nd6 h4 27.Bh2 Rh5 28.Rae1 e5 29.Qxd5 Bxd6
30.Qf3 Bxc5+ 31.bxc5 Kh6 32.Qxf6 Rf8 33.Qd6 Rxf1+ 34.Rxf1 Qb5 35.c6 Qb6+
36.Kh1 Rg5 37.Rd1 Qf2 38.Rd2 Qf1+ 39.Bg1 e4  1-0

[Event "50th TCh-SRB Cup"]
[Site "Mataruska Banja SRB"]
[Date "2007.05.26"]
[Round "6"]
[White "Vujicic,Mirk"]
[Black "Simic,Dragi"]
[Result "1/2-1/2"]
[WhiteElo "2327"]
[BlackElo "2334"]

1.e4 e6 2.d4 d5 3.Nd2 Be7 4.Bd3 c5 5.dxc5 Nf6 6.exd5 exd5 7.Nb3 O-O 8.Nf3 Bg4
9.O-O Nbd7 10.Be3 Ne4 11.Be2 Ndxc5 12.Nxc5 Nxc5 13.h3 Bh5 14.Nd4 Bg6 15.Nb3 Ne6
16.Re1 Qd6 17.Qd2 Rfd8 18.c3 a5 19.a4 b6 20.Nd4 Bf6 21.Rad1 Be5 22.Bf3 Nc5
23.Nb5 Qb8 24.Bxc5 bxc5 25.Bxd5 Bh5 26.g4 Bh2+ 27.Kg2 Bg6 28.Bxf7+ Kxf7 29.Qxd8 Qxd8
30.Rxd8 Rxd8 31.Kxh2 Rd2 32.Kg3 Rxb2 33.Re5 Ra2 34.Rxc5 Rxa4 35.Nd6+ Ke6
36.Nc4 Bd3 37.Re5+ Kf6 38.g5+ Kg6 39.Nxa5 Bf5 40.f4 Ra1 41.Nc6 Bd7 42.Ne7+ Kf7
43.h4 Rd1 44.Re3 g6 45.c4 Rd4 46.c5 Rc4 47.Re5 Rc3+ 48.Kf2 Bg4 49.Kg2 Bf3+
50.Kf2 Bg4 51.Ke1 Rc4  1/2-1/2

[Event "XXXVII Bosnia GMB"]
[Site "Sarajevo BIH"]
[Date "2007.05.26"]
[Round "7"]
[White "Trkulja,G"]
[Black "Drasko,M"]
[Result "0-1"]
[WhiteElo "2317"]
[BlackElo "2543"]

1.e4 e6 2.d4 d5 3.Nd2 Nc6 4.Ngf3 Nf6 5.e5 Nd7 6.Nb3 a5 7.a4 Be7 8.Bb5 Na7
9.Bd3 b6 10.Bd2 c5 11.dxc5 Nxc5 12.Nxc5 bxc5 13.O-O c4 14.Be2 Nc6 15.Bc3 O-O
16.Qd2 Qb6 17.Qf4 f6 18.exf6 Bxf6 19.Bxf6 Rxf6 20.Qd6 Bb7 21.Ne5 Rd8 22.Nd7 Rf7
23.Nxb6 Rxd6 24.Rad1 Nd4 25.Rxd4 Rxb6 26.Bg4 Re7 27.Rb1 Bc8 28.Rdd1 Reb7
29.b3 Bd7 30.f4 g6 31.Re1 Kf7 32.Re3 Rb4 33.Rbe1 R7b6 34.Rh3 h5 35.Bd1 cxb3
36.cxb3 Rxf4 37.Rc3 Rc6 38.Rce3 Rc1 39.Bf3 Rxe1+ 40.Rxe1 Rb4 41.Bd1 Kf6 42.Rf1+ Ke7
43.Rf3 e5  0-1

[Event "TCh-FRA Top 16"]
[Site "Clichy FRA"]
[Date "2007.06.01"]
[Round "9"]
[White "Romieux,S"]
[Black "Libiszewski,F"]
[Result "1/2-1/2"]
[WhiteElo "2243"]
[BlackElo "2486"]

1.e4 e6 2.d4 d5 3.Nd2 a6 4.Ngf3 Nf6 5.e5 Nfd7 6.c4 dxc4 7.Bxc4 Nb6 8.O-O Nxc4
9.Nxc4 Bd7 10.Bg5 Be7 11.Bxe7 Qxe7 12.Ne3 Bc6 13.d5 Bxd5 14.Nxd5 exd5 15.Qxd5 Nc6
16.Qb3 O-O-O 17.Rfe1 g5 18.e6 g4 19.Ne5 Nd4 20.Qe3 Qxe6 21.Rad1 Nc6 22.Nxc6 Qxe3
23.fxe3 bxc6 24.Kf2 Rhe8 25.Rc1 Re6 26.Re2 Rd5 27.Kg3 f5 28.Rc4 Kd7 29.Kf4 Rh6
30.e4 fxe4 31.Rcxe4 Rxh2 32.Kxg4 c5 33.Kg3 Rh6 34.Re7+ Kd6 35.Rf7 Rg5+ 36.Kf4 Rgg6
37.Kf5 Rh5+ 38.Kf4 Rh1 39.Rd2+ Kc6 40.Ke3 Rd6 41.Rc2 Re6+ 42.Kf2 Rhh6 43.Rf5  1/2-1/2

[Event "29th Mem Nezhmetdinov"]
[Site "Kazan RUS"]
[Date "2007.06.01"]
[Round "1"]
[White "Konovalov,Vi"]
[Black "Stupak,K"]
[Result "0-1"]
[WhiteElo "2069"]
[BlackElo "2360"]

1.e4 e6 2.d4 d5 3.Nd2 Nc6 4.Ngf3 Nf6 5.e5 Nd7 6.c3 f6 7.exf6 Qxf6 8.Nb3 Bd6
9.Bd3 e5 10.Bg5 Qf7 11.dxe5 Ndxe5 12.Qd2 O-O 13.Nxe5 Nxe5 14.Be3 Ng4 15.O-O-O Nxf2
16.Rhf1 Nxd3+ 17.Qxd3 Bf5 18.Qxd5 Qxd5 19.Rxd5 Be4 20.Rdd1 Rxf1 21.Rxf1 Bxg2
22.Rf2 Bh3 23.Nd4 Rf8 24.Rd2 Rf1+ 25.Kc2 a6  0-1

[Event "zt 2.3 w"]
[Site "Santo Domingo DOM"]
[Date "2007.06.02"]
[Round "6"]
[White "Guerrero Rodriguez,Alej"]
[Black "Arribas Robaina,M"]
[Result "0-1"]
[WhiteElo "2126"]
[BlackElo "2335"]

1.e4 e6 2.d4 d5 3.Nd2 Be7 4.Bd3 dxe4 5.Nxe4 Nf6 6.Nf3 Nbd7 7.O-O O-O 8.Re1 b6
9.Ne5 Bb7 10.Ng5 h6 11.Nexf7 Rxf7 12.Nxe6 Qc8 13.Bg6 Bd6 14.Bxf7+ Kxf7 15.Bf4 Nf8
16.Bxd6 cxd6 17.Nf4 Qf5 18.Qe2 Be4 19.Qc4+ d5 20.Qc7+ Qd7 21.Qxd7+ N8xd7
22.c3 g5 23.Ne2 b5 24.f3 Bg6 25.a4 bxa4 26.Rxa4 Nb6 27.Rb4 Nfd7 28.Ra1 a5
29.Rb3 Bc2 30.Rb5 Bd3 31.Rbxa5 Rxa5 32.Rxa5 Bxe2 33.Kf2 Bd3 34.b3 Ke6 35.g3 Nc8
36.h4 gxh4 37.gxh4 Nd6 38.Ra8 h5 39.Rh8 Bg6 40.Rg8 Kf7 41.Rd8 Ke7 42.Ra8 Nb5
43.Rc8 Bc2 44.c4 Nxd4 45.cxd5 Bxb3 46.Rc3 Kf6 47.d6 Be6 48.Ra3 Nf5 49.Ra5 Bf7
50.Ra7 Ke6 51.Ra4 Kxd6 52.Re4 Be6 53.Ra4 Ke7 54.Ke2 Kf6 55.Rb4 Ne5 56.Rb6 Nxh4
57.f4 Neg6 58.Kf2 Nxf4 59.Kg3 Nhg6 60.Rb4 h4+ 61.Kh2 Ke5 62.Rb5+ Bd5 63.Ra5 Kf5
64.Ra6 Kg4 65.Kg1 h3  0-1

[Event "35th World Open"]
[Site "King of Prussia USA"]
[Date "2007.06.03"]
[Round "7"]
[White "Kudrin,S"]
[Black "Sarkar,J"]
[Result "1-0"]
[WhiteElo "2556"]
[BlackElo "2418"]

1.e4 e6 2.d4 d5 3.Nd2 Nc6 4.Ngf3 Nf6 5.e5 Nd7 6.Be2 f6 7.exf6 Qxf6 8.Nf1 Bd6
9.Ne3 O-O 10.O-O Qg6 11.c4 Nf6 12.c5 Bf4 13.Re1 Bd7 14.Nf1 Bxc1 15.Rxc1 a6
16.Bd3 Qh6 17.Rc3 Rae8 18.Bc2 Re7 19.Ne5 Nxe5 20.Rh3 Qxh3 21.gxh3 Nc6 22.Ng3 g6
23.f4 Nh5 24.Nxh5 gxh5 25.f5 Rg7+ 26.Kh1 exf5 27.Bb3 Ne7 28.Qxh5 Kh8 29.Qh6 Rff7
30.Qf4 Bb5 31.Qxc7 f4 32.a4 Bc6 33.Qb8+ Rg8 34.Qe5+ Rgg7 35.Bc2 f3 36.Rf1 Bd7
37.Qh5 f2 38.Qe2 Bxh3 39.Rxf2 Rxf2 40.Qxf2 Bg2+ 41.Qxg2 Rxg2 42.Kxg2 Nc6
43.Bb3 Nb4 44.Bd1 Kg7 45.Bg4 Kf6 46.Bc8 a5 47.Kf2 h6 48.h3 Nc2 49.Bxb7 Ke6
50.c6 Kd6 51.c7 Kxc7 52.Bxd5 Kd6 53.Bg8 Nxd4 54.Ke3 Kc5 55.Ke4 Nc6 56.Bb3 Kd6
57.Bd1 Ne5 58.Kd4 Ng6 59.Kc4 Kc6 60.Bf3+ Kb6 61.Kd4 Nf4 62.h4 h5 63.Be4 Kc7
64.Ke5 Ne2 65.Bf3 Nc1 66.Kd4  1-0

[Event "8th United Insurance"]
[Site "Dhaka BAN"]
[Date "2007.06.04"]
[Round "10"]
[White "Gopal,G"]
[Black "Reefat,S"]
[Result "0-1"]
[WhiteElo "2455"]
[BlackElo "2479"]

1.e4 e6 2.d4 d5 3.Nd2 a6 4.Ngf3 c5 5.e5 Nc6 6.c3 cxd4 7.cxd4 Qb6 8.Bd3 Nxd4
9.Nxd4 Qxd4 10.Qe2 f6 11.Nf3 Bb4+ 12.Kf1 Qb6 13.Be3 Bc5 14.Bxc5 Qxc5 15.g3 f5
16.Qd2 h6 17.Rc1 Qb6 18.Kg2 Ne7 19.a4 a5 20.Bb5+ Bd7 21.Nd4 Bxb5 22.Nxb5 Nc6
23.Nd6+ Ke7 24.Rhe1 Rhd8 25.Qf4 Rd7 26.Nxf5+ exf5 27.e6 Rc7 28.Qh4+ Kf8 29.Qf4 Kg8
30.Qd2 Re7 31.Qc2 Nb4 32.Qe2 d4  0-1

[Event "35th World Open"]
[Site "King of Prussia USA"]
[Date "2007.06.04"]
[Round "8"]
[White "Shivaji,S1"]
[Black "Abrahamyan,T"]
[Result "1/2-1/2"]
[WhiteElo "2291"]
[BlackElo "2268"]

1.e4 e6 2.d4 d5 3.Nd2 Be7 4.Ngf3 Nf6 5.e5 Nfd7 6.Bd3 c5 7.c3 Nc6 8.O-O a5
9.b3 a4 10.bxa4 cxd4 11.cxd4 Nb6 12.Bb5 Bd7 13.Rb1 O-O 14.Re1 Na5 15.Bxd7 Nxd7
16.Re3 Nb6 17.Ba3 Bxa3 18.Rxa3 Nac4 19.Nxc4 Nxc4 20.Rab3 Rxa4  1/2-1/2

[Event "35th World Open"]
[Site "King of Prussia USA"]
[Date "2007.06.04"]
[Round "9"]
[White "Panchanathan,M"]
[Black "Harper,W"]
[Result "1-0"]
[WhiteElo "2482"]
[BlackElo "2195"]

1.e4 e6 2.d4 d5 3.Nd2 Be7 4.Ngf3 Nf6 5.e5 Nfd7 6.Bd3 c5 7.c3 Nc6 8.O-O g5
9.dxc5 g4 10.Nd4 Ndxe5 11.Bb5 Bxc5 12.Re1 Bd7 13.Bxc6 Nxc6 14.Qxg4 Qf6 15.N2b3 Be7
16.Nxc6 bxc6 17.Bf4 Qg6 18.Qf3 O-O 19.Qe3 f6 20.Nc5 Bxc5 21.Qxc5 e5 22.Bg3 Rac8
23.f4 e4 24.Re3 Rf7 25.Bf2 Qf5 26.Rg3+ Kh8 27.Bd4 Rg8 28.Qxa7 h5 29.Rf1 Rg4
30.Rxg4 Qxg4 31.Qb8+ Kh7 32.f5 Bxf5 33.a4 e3 34.Bxe3 Bd3 35.Ra1 Rg7 36.Qg3 Qe2
37.Qf2 Rxg2+ 38.Kxg2 Be4+ 39.Kg1 Qg4+ 40.Qg3 Qe2 41.Rf1  1-0

[Event "8th UKR Universiad"]
[Site "Evpatoria UKR"]
[Date "2007.06.07"]
[Round "2"]
[White "Grekh,A"]
[Black "Yeremenko,A"]
[Result "1-0"]
[WhiteElo "2364"]
[BlackElo "2056"]

1.e4 e6 2.d4 d5 3.Nd2 a6 4.Bd3 c5 5.exd5 exd5 6.dxc5 Bxc5 7.Ngf3 Nf6 8.O-O O-O
9.Nb3 Ba7 10.h3 Nc6 11.c3 Qd6 12.Nbd4 Re8 13.Be3 Ne4 14.Re1 Qf6 15.Qc2 Qg6
16.Nxc6 bxc6 17.Bxa7 Rxa7 18.Nh4 Qh5 19.Bxe4 Rae7 20.Bxh7+ Qxh7 21.Qxh7+ Kxh7
22.Nf3 a5 23.Rxe7 Rxe7 24.Re1 Rb7 25.Re2 Rb6 26.Rd2 a4 27.a3 Ba6 28.Ne5 f6
29.Nd7 Rb5 30.Nf8+ Kg8 31.Ne6 Bc8 32.Nd4 Rb6 33.f4 c5 34.Nf3 Bb7 35.Kf2 Kf7
36.g4 Rb3 37.Ng1 Rb6 38.h4 Ke6 39.Ne2 Rb3 40.f5+ Ke7 41.Nc1 Rb5 42.Nd3 d4
43.cxd4 cxd4 44.Nb4 Kd6 45.Rxd4+ Ke5 46.Ke3  1-0

[Event "ch-URU"]
[Site "Montevideo URU"]
[Date "2007.06.09"]
[Round "10"]
[White "Almada,M"]
[Black "Roselli Mailhe,B"]
[Result "0-1"]
[WhiteElo "2075"]
[BlackElo "2419"]

1.e4 e6 2.d4 d5 3.Nd2 Nc6 4.Ngf3 Nf6 5.e5 Nd7 6.c3 f6 7.exf6 Qxf6 8.Bb5 Bd6
9.Nf1 e5 10.dxe5 Ncxe5 11.Nxe5 Qxe5+ 12.Qe2 c6 13.Bd3 O-O 14.Ng3 Nc5 15.Bc2 Qxe2+
16.Kxe2 Bg4+ 17.f3 Rae8+ 18.Be3 Bf4 19.Nf1 Bf5 20.Bxf5 Rxf5 21.Kd2 Rfe5 22.Re1 Na4
23.b3 Bxe3+ 24.Rxe3 Rxe3 25.Nxe3 Nxc3 26.Nf5 Nb5 27.a4 Nc7 28.Nd6 Rb8 29.Re1 Kf8
30.Kd3 Ne8 31.Nf5 g6 32.Nd4 Nc7 33.h4 Re8 34.Rxe8+ Kxe8 35.h5 Ke7 36.hxg6 hxg6
37.Ne2 a5 38.Kd4 Kd6 39.Nc1 Ne6+ 40.Ke3 b5 41.axb5 cxb5 42.Nd3 Nc5 43.Nc1 a4
44.bxa4 bxa4 45.f4 Nb3 46.Na2 Kc5 47.g4 Kc4 48.f5 g5 49.f6 Nc5 50.f7 Ne6
51.Kd2 a3 52.Kc2 d4 53.Nc1 Kd5 54.Kd3 Nf8 55.Na2 Ke5 56.Nb4 Kf4 57.Kxd4 Kxg4
58.Kc3 Kf3 59.Nd3 Ke4 60.Nf2+ Ke3 61.Ng4+ Kf4 62.Nh6 Ke5 63.Kb3 Kf6 64.Ng4+ Kxf7
65.Kxa3 Nd7 66.Kb3 Nf6 67.Kc3 Nxg4  0-1

[Event "FSGM June"]
[Site "Budapest HUN"]
[Date "2007.06.12"]
[Round "11"]
[White "Vajda,L"]
[Black "Erdos,V"]
[Result "0-1"]
[WhiteElo "2549"]
[BlackElo "2518"]

1.e4 e6 2.d4 d5 3.Nd2 Be7 4.Ngf3 Nf6 5.Bd3 c5 6.exd5 exd5 7.dxc5 Bxc5 8.O-O O-O
9.Nb3 Bb6 10.h3 Nc6 11.c3 Qd6 12.Re1 Bxh3 13.gxh3 Qg3+ 14.Kh1 Bxf2 15.Bf1 Bxe1
16.Nxe1 Ne5 17.Bg2 Rfe8 18.Kg1 Ng6 19.Nc2 Nh4  0-1

[Event "Atlantis Meestertienkamp"]
[Site "Groningen NED"]
[Date "2007.06.12"]
[Round "4"]
[White "Bedouin,X"]
[Black "Hoeksema,E"]
[Result "1/2-1/2"]
[WhiteElo "2328"]
[BlackElo "2369"]

1.e4 e6 2.d4 d5 3.Nd2 Be7 4.Bd3 dxe4 5.Nxe4 Nf6 6.Nf3 Nxe4 7.Bxe4 Nd7 8.c3 c5
9.O-O O-O 10.Be3 Qc7 11.Re1 Nf6 12.Bc2 b6 13.dxc5 Bxc5 14.Bxc5 Qxc5 15.Qd4 Qxd4
16.Nxd4 Bb7 17.Rad1 Rfd8 18.f3 a6 19.Kf2 Rd6 20.Rd2 Rad8 21.Red1 g5 22.Nb3 Rxd2+
23.Rxd2 Rxd2+ 24.Nxd2 h6 25.a3 Kf8 26.b4 Ke7 27.c4 Nd7 28.Be4 Bxe4 29.Nxe4 f5
30.Nd2 Ne5 31.Ke3 Kd6 32.Kd4 Nc6+ 33.Kc3 h5 34.a4 a5 35.c5+ bxc5 36.Nc4+ Kc7
37.b5 Ne7 38.Nxa5 Nd5+ 39.Kb3 Ne3 40.Nc4 Nxg2 41.a5 Ne1 42.b6+ Kb7 43.Ka4 Nxf3
44.Kb5 Nd4+ 45.Kxc5 Nb3+ 46.Kb5 Nd4+ 47.Kc5 Nb3+ 48.Kb5 Nd4+ 49.Kc5  1/2-1/2

[Event "Salongernas IM"]
[Site "Stockholm SWE"]
[Date "2007.06.12"]
[Round "4"]
[White "Poley,V"]
[Black "Smith,Ax"]
[Result "1/2-1/2"]
[WhiteElo "2326"]
[BlackElo "2251"]

1.e4 e6 2.d4 d5 3.Nd2 Be7 4.Bd3 c5 5.dxc5 Nd7 6.exd5 exd5 7.Nb3 Nxc5 8.Bb5+ Bd7
9.Qe2 Bxb5 10.Qxb5+ Qd7 11.Qxd7+ Nxd7 12.Be3 Ngf6 13.Nf3 Nb8 14.O-O Nc6 15.Rfe1 O-O
16.Rad1 Rfe8 17.c3 h6 18.Nfd4 a6 19.Nf5 Bf8 20.f3 Re5 21.g4 Rae8 22.Kf2 h5
23.h3 hxg4 24.hxg4 g6 25.Nh6+ Bxh6 26.Bxh6 Rxe1 27.Rxe1 Rxe1 28.Kxe1 Nd7
29.Ke2 f6 30.Bf4 Kf7 31.Bc7 Ke6 32.Ke3 Nce5 33.Nd4+ Ke7 34.b3 Nc5 35.g5 Nc6
36.gxf6+ Kxf6 37.Ne2 Ne6 38.Bb6 Ne7 39.Bd4+ Kf7 40.Bb6 Nf5+ 41.Kd3 Nh4 42.Ng1 Kf6
43.Bf2 Nf4+ 44.Kd2 g5 45.Bb6 Kf5 46.Ke3 Nfg2+ 47.Kd4 Ne1 48.Kxd5 Nhxf3 49.Nxf3 Nxf3
50.c4 g4 51.Bc7 a5 52.Bxa5 g3 53.Bb6 g2 54.a4 Nd2 55.b4 Ne4 56.a5 Nc3+ 57.Kd6 Ke4
58.Bg1 Ne2 59.Bh2 Nd4 60.Bg1 Ne2 61.Bh2 Nd4 62.Bg1  1/2-1/2